000 00702nam a2200241Ia 4500
001 dia_2938
003 CHAP
005 20230331092017.0
008 220117s1993 xx 000 0 und d
010 _a173442
040 _cCHAP
082 _a658.562 G7Y
100 _aGroocock, John M.
_9153791
245 _aLa Cadena de la Calidad /
_c por John M. Goocock
260 _aMadrid, (España) Ediciones Díaz de Santos
_c1993
300 _a445 p.
500 _aTrad. de the Chain of Quality Market Dominance
650 _aCalidad
_xcontrol de la
_917484
901 _a658.562 G7Y
902 _aM
905 _a0000001993 MAD 0000000000ESP00
942 _cLIBRO
_2ddc
999 _c173442
_d173442